000 00855nab a2200253 u 4500
001 11943
003 HDC
007 cr bn ---aaaaa
008 210208c mydr|nes 0 a eng d
040 _aHDC
100 _aVorotnikov, Vladislav,
_eauthor
_912311
245 0 _aRussia to launch halal poultry exports in 2015 /
_cby Vladislav Vorotnikov
260 _a[no place] :
_b[publisher not identified],
_c[no year]
336 _atext
_2rdacontent
337 _acomputer
_2rdamedia
338 _aonline resource
_2rdacarrier
650 _aHalal industry
_9144
650 _aPoultry
_91550
710 _aGlobal Meat
856 _zRequest full-text at [email protected]
942 _2lcc
942 _cNEWS
942 _kNWSO 002688
999 _c9266
_d9266